000 00490nam a22001697a 4500
005 20251108173400.0
008 250721s2005 xx 000 0 ara d
082 1 4 _a503/عيد
100 1 _aأبو عيد، بنان محمود
245 1 0 _aالموسوعة العلمية /
264 1 _aعمان :
_bدار الإسراء للنشر والتوزيع،
_c2005.
300 _a228 ص
650 1 7 _aالعلوم
650 1 7 _aالموسوعات
942 _2ddc
_cBK
999 _c102570
_d102570